<?xml version="1.0" encoding="UTF-8"?>
<record
    xmlns:xsi="http://www.w3.org/2001/XMLSchema-instance"
    xsi:schemaLocation="http://www.loc.gov/MARC21/slim http://www.loc.gov/standards/marcxml/schema/MARC21slim.xsd"
    xmlns="http://www.loc.gov/MARC21/slim">

  <leader>02533nam a22002537a 4500</leader>
  <controlfield tag="005">20251202112212.0</controlfield>
  <controlfield tag="008">251202b        |||||||| |||| 00| 0 eng d</controlfield>
  <datafield tag="020" ind1=" " ind2=" ">
    <subfield code="a">9789350515228</subfield>
  </datafield>
  <datafield tag="040" ind1=" " ind2=" ">
    <subfield code="c">AL</subfield>
  </datafield>
  <datafield tag="041" ind1=" " ind2=" ">
    <subfield code="a">eng</subfield>
  </datafield>
  <datafield tag="082" ind1=" " ind2=" ">
    <subfield code="a">574.5</subfield>
    <subfield code="b">CHAT</subfield>
  </datafield>
  <datafield tag="100" ind1=" " ind2=" ">
    <subfield code="a">Chatwal G R</subfield>
    <subfield code="9">247250</subfield>
  </datafield>
  <datafield tag="245" ind1=" " ind2=" ">
    <subfield code="a">Text book of environmental studies</subfield>
  </datafield>
  <datafield tag="260" ind1=" " ind2=" ">
    <subfield code="b">Himalaya Publishing House</subfield>
    <subfield code="c">Mumbai</subfield>
  </datafield>
  <datafield tag="300" ind1=" " ind2=" ">
    <subfield code="a">viii,459p.</subfield>
    <subfield code="b">PB</subfield>
    <subfield code="c">24x18cm</subfield>
  </datafield>
  <datafield tag="365" ind1=" " ind2=" ">
    <subfield code="2">Computer Science Engineering</subfield>
    <subfield code="a">ABDI/0821/25</subfield>
    <subfield code="b">480.00</subfield>
    <subfield code="c">&#x20B9;</subfield>
    <subfield code="d">640.00</subfield>
    <subfield code="e">25%</subfield>
    <subfield code="f">13-11-2025</subfield>
  </datafield>
  <datafield tag="520" ind1=" " ind2=" ">
    <subfield code="a">Technical terms used in this book are explained in a simple language with examples from day-to-day life. After going through this text, the reader gets new, valid, contextual knowledge about the natural world and our impacts on it but this knowledge creates a responsibility to get involved in the solution of environmental problems which have been created by us.
In this book, scientific principle as well as some insights into the to social, political and economic systems that impact out environment are discussed in a lucid manner.
This text book deals with various concepts of environmental studies, recently introduced as a paper by University Grant Commisssion at undergraduate level for all discipline as well as for the general aspirants of environment and ecology. Every concept included in this text has been explained in a lucid manner by using simple language. Wherever necessary, simple diagrams have been introduced to make the concpets illustrative. In this book, scientifice principle as well as some insights into the social, political and economic systems that impact our environment are discussed in a lucid manner. The matter included in this text has been selected from standard text. However, there are some concepts which are not being covered by these texts. The matter for these have been taken from various enivornmental web sites on internet. The authors expect that the students should do search on internet to get recently introduced concepts on environmental studies.
Book Content of A Text Book of Environmental Studies
1. Multidisciplinary Nature of Environmental Studies
2. Renewable and Non-renewable Resources
3. Forest Resources
4. Water Resources
5. Mineral Resources
6. Food Resources
7. Energy Resources
8. Land Resources</subfield>
  </datafield>
  <datafield tag="650" ind1=" " ind2=" ">
    <subfield code="a">Pollution</subfield>
    <subfield code="9">247251</subfield>
  </datafield>
  <datafield tag="650" ind1=" " ind2=" ">
    <subfield code="a">Energy Resources</subfield>
    <subfield code="9">247252</subfield>
  </datafield>
  <datafield tag="650" ind1=" " ind2=" ">
    <subfield code="a">Radiation and Radioactive Pollution</subfield>
    <subfield code="9">247253</subfield>
  </datafield>
  <datafield tag="650" ind1=" " ind2=" ">
    <subfield code="a">Consumerism</subfield>
    <subfield code="9">247254</subfield>
  </datafield>
  <datafield tag="700" ind1=" " ind2=" ">
    <subfield code="a">Sharma, Harish</subfield>
    <subfield code="9">247255</subfield>
  </datafield>
  <datafield tag="942" ind1=" " ind2=" ">
    <subfield code="2">ddc</subfield>
    <subfield code="c">BK</subfield>
  </datafield>
  <datafield tag="999" ind1=" " ind2=" ">
    <subfield code="c">240694</subfield>
    <subfield code="d">240694</subfield>
  </datafield>
  <datafield tag="952" ind1=" " ind2=" ">
    <subfield code="0">0</subfield>
    <subfield code="1">0</subfield>
    <subfield code="2">ddc</subfield>
    <subfield code="4">0</subfield>
    <subfield code="7">0</subfield>
    <subfield code="8">CSE</subfield>
    <subfield code="a">SE</subfield>
    <subfield code="b">SE</subfield>
    <subfield code="d">2025-11-13</subfield>
    <subfield code="e">Academic Book Distributors, Bengaluru-562159</subfield>
    <subfield code="g">480.00</subfield>
    <subfield code="l">0</subfield>
    <subfield code="o">574.5 CHAT</subfield>
    <subfield code="p">SE000145</subfield>
    <subfield code="r">2025-12-02 11:27:47</subfield>
    <subfield code="v">640.00</subfield>
    <subfield code="w">2025-11-13</subfield>
    <subfield code="y">BK</subfield>
  </datafield>
  <datafield tag="952" ind1=" " ind2=" ">
    <subfield code="0">0</subfield>
    <subfield code="1">0</subfield>
    <subfield code="2">ddc</subfield>
    <subfield code="4">0</subfield>
    <subfield code="7">0</subfield>
    <subfield code="8">CSE</subfield>
    <subfield code="a">SE</subfield>
    <subfield code="b">SE</subfield>
    <subfield code="d">2025-11-13</subfield>
    <subfield code="e">Academic Book Distributors, Bengaluru-562159</subfield>
    <subfield code="g">480.00</subfield>
    <subfield code="l">0</subfield>
    <subfield code="o">574.5 CHAT</subfield>
    <subfield code="p">SE000146</subfield>
    <subfield code="r">2025-12-02 11:27:47</subfield>
    <subfield code="v">640.00</subfield>
    <subfield code="w">2025-11-13</subfield>
    <subfield code="y">BK</subfield>
  </datafield>
</record>
